Geography of Saudi Arabia - Statistics

General Stats
  • This quiz has been taken 513 times
  • The average score is 15 of 20
Answer Stats
Question Answer % Correct
To what Saudi city do the Muslims travel for the Hajj? Mecca
98%
What is the most populous city on the Arabian peninsula? Riyadh
96%
What gulf, also known as the "Arabian Gulf", does Saudi Arabia share borders with? {Persian} Gulf
94%
What major sea is located between Saudi Arabia and Africa? {Red} Sea
91%
What country borders Saudi Arabia on a small, man-made island called "Passport Island"? Bahrain
89%
What tiny country shares land borders only with Saudi Arabia? Qatar
89%
With what country does Saudi Arabia share its longest border? Yemen
89%
What Saudi city is the burial place of the Muhammad? Medina
88%
What is the most populous Saudi city that overlooks the above? Jeddah
84%
What is the largest mammal that inhabits the country? Camel
77%
Saudi Arabia is the largest country without any of what type of geographical feature? River
75%
What is the birth country of the greatest number of foreign-born residents in Saudi Arabia? India
74%
What is the currency of Saudi Arabia? Riyal
71%
What is the only country that has more proven oil reserves than Saudi Arabia? Venezuela
71%
What small cube-shaped building in that mosque is holiest location in Islam? Kaaba
67%
Between what major peninsula and Saudi Arabia is the Gulf of Aqaba located? Sinai
60%
What nomadic ethnic group famously calls Saudi Arabia home? Bedouin
55%
What is the most populous Saudi city that overlooks the above? Dammam
49%
What is the name of the bridge and causeway series Saudi Arabia borders that country through? King {Fahd}
34%
What is the name of the famous mosque in that city Muslims go to? {Grand} Mosque
19%
No matching quizzes found
Score Distribution
Percent of People with Each Score
Percentile by Number Answered
Your Score History
You have not taken this quiz